Samuel L. Jackson Vs. The Smart Shark Quiz Stats

 Plays Quiz not verified by Sporcle

Support Sporcle.
Go Orange.
Score 0/165 Timer 07:00
0 Plays Today
Smart Sharks! % Correct
(Giant Smart Shark leaps out of the water and gnashes him to death)
99.5%
a
87.9%
a
87.9%
a
87.9%
a
87.9%
a
87.9%
a
87.9%
I
85.3%
I
85.3%
I
85.3%
we
79.6%
we
79.6%
we
79.6%
the
77.8%
the
77.8%
the
77.8%
the
77.8%
the
77.8%
to
75.8%
to
75.8%
to
75.8%
to
74.2%
to
74.2%
to
74.2%
You
68.7%
You
68.7%
an
68.2%
and
66.4%
...and
66.4%
and
66.4%
and
66.4%
of
65.8%
of
65.8%
It
62.3%
it
62.3%
it
62.3%
it
62.3%
it
62.3%
it
62.3%
it
62.3%
it
62.3%
it
62.3%
it
62.3%
going
58.5%
going
58.5%
going
58.5%
out...
58.3%
out.
58.3%
get,
58.3%
get
58.3%
get
58.3%
get
58.3%
out
58.3%
not
56%
on
53.7%
Smart Sharks! % Correct
water's
51.8%
can
51.7%
can
51.7%
can
51.7%
can
51.7%
that
51.1%
that
51.1%
that
51.1%
that
51.1%
that
51.1%
think
51%
we're
50.9%
We're
50.9%
we're
50.9%
know
50.8%
know
50.8%
see
49.2%
this
48.4%
be
48.2%
here!
48.1%
us
46.5%
us
46.5%
am
46.5%
When
46.1%
when
46.1%
Now
44.9%
now,
44.9%
Now
44.9%
Now
44.9%
should
42.9%
So
42.1%
don't
41.1%
they
40.3%
they
40.3%
for
39.4%
has
39.3%
ice.
38.9%
But
38.1%
But
38.1%
was
37.9%
how
37.7%
how
37.7%
together,
37.7%
way.
37.3%
way
37.3%
like
36.5%
Like
36.5%
fast?
35.9%
fight
35.6%
killed
35%
killed
35%
other.
34%
other
34%
find
33.3%
ANYMORE!
32.1%
Smart Sharks! % Correct
mind.
32%
moves
31.8%
made
31.1%
got
30.9%
only
30.6%
snow
30.4%
five
30.2%
bad
29.8%
avalanche
29.4%
two.
29.4%
First,
29.3%
off
29.3%
seven
28.9%
each
27.8%
knows
27.4%
man.
27.2%
took
27.1%
took
27.1%
came,
24.9%
just
24.7%
things
24.7%
oath,
24.6%
breaking
24.3%
world
23.8%
seal
23.8%
taste
23.5%
survived
23.5%
turned
23.2%
week
23.1%
once;
23%
lot
23%
worse.
22.3%
climb
22.2%
whole
21.4%
doesn't
21.3%
say
20.9%
wasn't.
20.7%
seen
20.7%
exactly
20.6%
quick
20.5%
Well,
20.5%
pull
20.1%
hold
19.7%
swore
19.5%
murder.
19.4%
candle
18.7%
pool—-
18.7%
Nature
18.6%
you've
17.1%
we'd
16.4%
slide...
14.7%
lethal.
12.4%
lost
11.5%
hope.
11.5%
somewhere
9.5%

You're not logged in!

Compare scores with friends on all Sporcle quizzes.
OR
Log In

From the Vault

12 to 1 Songs by British Artists

by ceciliacarlid

For such a small island, Britain has produced a ton of amazing artists.
Remove Ads.
Support Sporcle.
Get the best of Sporcle when you Go Orange. This ad-free experience offers more features, more stats, and more fun while also helping to support Sporcle. Thank you for becoming a member.

Show Comments

Extras

Top Quizzes Today


Score Distribution

Your Account Isn't Verified!

In order to create a playlist on Sporcle, you need to verify the email address you used during registration. Go to your Sporcle Settings to finish the process.

Report this User

Report this user for behavior that violates our Community Guidelines.

Details: